Govt. of
Madhya Pradesh

साहस, शौर्य और सम्‍मान की गाथाऍं (Record no. 57191)

MARC details
000 -LEADER
fixed length control field 00551nam a22001577a 4500
001 - CONTROL NUMBER
control field MACL
003 - CONTROL NUMBER IDENTIFIER
control field MACL
005 - DATE AND TIME OF LATEST TRANSACTION
control field 20171206123320.0
008 - FIXED-LENGTH DATA ELEMENTS--GENERAL INFORMATION
fixed length control field 171206b xxu||||| |||| 00| 0 eng d
040 ## - CATALOGING SOURCE
Transcribing agency MACL
100 ## - MAIN ENTRY--PERSONAL NAME
Personal name गौड़ शशि वीरेन्‍द्र
9 (RLIN) 69596
245 ## - TITLE STATEMENT
Title साहस, शौर्य और सम्‍मान की गाथाऍं
260 ## - PUBLICATION, DISTRIBUTION, ETC. (IMPRINT)
Place of publication, distribution, etc. दिल्‍ली
Name of publisher, distributor, etc. आलोकपर्व प्रकाशन
Date of publication, distribution, etc. 2016
650 ## - SUBJECT ADDED ENTRY--TOPICAL TERM
Topical term or geographic name as entry element सैनिक विज्ञान
9 (RLIN) 66695
942 ## - ADDED ENTRY ELEMENTS (KOHA)
Source of classification or shelving scheme
Koha item type Hindi Books
Holdings
Withdrawn status Lost status Source of classification or shelving scheme Damaged status Not for loan Home library Current library Date acquired Cost, normal purchase price Total Checkouts Full call number Barcode Date last seen Price effective from Koha item type
          MACL MACL 06/12/2017 375.00   355 CRH033669 06/12/2017 06/12/2017 Hindi Books